00261nam a22000977a 4500040000700000082000800007100002700015245008900042260002300131300000900154 cSK a330 aអ៊ូ វ័ឌី aភូមិសាស្រ្តសេដ្ឋកិច្ចកម្ពុជា aRUAbអ៊ូcNA a61p.